[Event "Camp. francese 2015 - Accession"]
[Site "Saint-Quentin FRA"]
[Date "2015.08.16"]
[Round "7.5"]
[White "Lazarev, Vladimir"]
[Black "Navrotescu , Catalin"]
[Result "0-1"]
[WhiteElo "2389"]
[BlackElo "2376"]
[PlyCount "94"]
[EventDate "2015.08.09"]

1. d4 f5 2. g3 Nf6 3. Bg2 g6 4. Nf3 Bg7 5. c4 O-O 6. b4 Nc6 7. b5 Na5 8. Nbd2
c6 9. a4 Ne4 10. Bb2 d5 11. cxd5 cxd5 12. O-O Be6 13. e3 a6 14. bxa6 Rxa6 15.
Ba3 Qd7 16. Re1 Rc8 17. Nxe4 dxe4 18. Nd2 Nc4 19. Nxc4 Bxc4 20. Bb4 e5 21. dxe5
Qxd1 22. Raxd1 Rxa4 23. Bd6 Re8 24. f3 Bxe5 25. Bxe5 Rxe5 26. fxe4 fxe4 27.
Rd8+ Kf7 28. Rd7+ Re7 29. Rxe7+ Kxe7 30. Bxe4 b5 31. Rc1 Ra2 32. Bc2 Kf6 33. h4
h6 34. Be4 g5 35. hxg5+ hxg5 36. g4 Ke5 37. Bf5 Re2 38. Rc3 Kd6 39. Ra3 b4 40.
Ra4 Kc5 41. Ra5+ Kb6 42. Re5 b3 43. Bg6 b2 44. Rxg5 Rd2 45. Be4 Bd3 46. Rg6+
Ka5 47. Rg5+ Kb4 0-1

[Event "Camp. francese 2015 - Accession"]
[Site "Saint-Quentin FRA"]
[Date "2015.08.17"]
[Round "8.3"]
[White "Duboue, Peio"]
[Black "Navrotescu , Catalin"]
[Result "1-0"]
[WhiteElo "2312"]
[BlackElo "2376"]
[PlyCount "87"]
[EventDate "2015.08.09"]

1. e4 e6 2. d4 d5 3. Nc3 Bb4 4. exd5 exd5 5. Bd3 Nc6 6. a3 Bxc3+ 7. bxc3 Nge7
8. Qh5 Be6 9. Rb1 Qc8 10. Ne2 Bg4 11. Qh4 Bf5 12. Bf4 O-O 13. O-O Re8 14. Rfe1
b6 15. c4 dxc4 16. Bxc4 Na5 17. Ba2 Ng6 18. Qg5 Bxc2 19. Rbc1 Bb3 20. Rxc7 Qxc7
21. Bxc7 Bxa2 22. Qd2 Bc4 23. Ng3 Nb3 24. Qc3 Nxd4 25. Rxe8+ Rxe8 26. f4 Ne2+
27. Nxe2 Bxe2 28. Qc6 Rc8 29. Qb7 Re8 30. f5 Nf8 31. Bd6 a6 32. h3 h6 33. Qxb6
Nd7 34. Qd4 Bb5 35. a4 Bc6 36. Qc4 Be4 37. Qxa6 Bxf5 38. Qb5 g6 39. g4 Re1+ 40.
Kf2 Rb1 41. Bb4 Rb2+ 42. Ke1 Be6 43. a5 Nf6 44. a6 1-0

[Event "Camp. francese 2015 - Accession"]
[Site "Saint-Quentin FRA"]
[Date "2015.08.18"]
[Round "9.6"]
[White "Navrotescu , Catalin"]
[Black "Clery, Nicolas"]
[Result "1/2-1/2"]
[WhiteElo "2376"]
[BlackElo "2371"]
[PlyCount "103"]
[EventDate "2015.08.09"]

1. d4 d5 2. Bf4 Nf6 3. e3 c5 4. Nc3 a6 5. Nf3 cxd4 6. exd4 Bg4 7. h3 Bxf3 8.
Qxf3 Nc6 9. O-O-O e6 10. g4 Rc8 11. g5 Nd7 12. Kb1 g6 13. h4 Bg7 14. Qe3 Ne7
15. Bd3 Rxc3 16. bxc3 Qa5 17. Rh3 O-O 18. Qc1 Rc8 19. Bd2 Rc6 20. f4 Nb6 21.
Ka1 Na4 22. Qa3 Nc8 23. Rb1 b5 24. h5 Qc7 25. hxg6 hxg6 26. Rbh1 Nd6 27. Rh7
Nxc3 28. Bxc3 Rxc3 29. Rxg7+ Kxg7 30. Qc1 Kf8 31. Qe1 Ne4 32. Kb2 Qa5 33. Bxe4
Qa3+ 34. Kb1 Re3 35. Qh4 dxe4 36. Qh8+ Ke7 37. Qf6+ Kd6 38. Qd8+ Kc6 39. Qa8+
Kb6 40. Qd8+ Kc6 41. Qa8+ Kc7 42. Qa7+ Kd6 43. Qb8+ Kd5 44. Qb7+ Kc4 45. Qc7+
Kb4 46. Qxf7 Qc3 47. Qxe6 Re1+ 48. Rxe1 Qxe1+ 49. Kb2 Qc3+ 50. Kb1 Qe1+ 51. Kb2
Qc3+ 52. Kb1 1/2-1/2

[Event "Camp. francese 2015 - Accession"]
[Site "Saint-Quentin FRA"]
[Date "2015.08.19"]
[Round "10.4"]
[White "Dionisi, Thomas"]
[Black "Navrotescu , Catalin"]
[Result "1/2-1/2"]
[WhiteElo "2371"]
[BlackElo "2376"]
[PlyCount "84"]
[EventDate "2015.08.09"]

1. e4 c5 2. Nf3 e6 3. c3 d5 4. e5 Nc6 5. d4 Bd7 6. a3 Nge7 7. b4 cxd4 8. cxd4
Nf5 9. Bb2 Be7 10. Bd3 O-O 11. O-O f6 12. Bxf5 exf5 13. Nc3 Be6 14. Re1 Qd7 15.
Ne2 Rac8 16. Qd2 Rfe8 17. Nf4 Nd8 18. Re2 Bf7 19. Rae1 Ne6 20. h4 Nxf4 21. Qxf4
Be6 22. h5 fxe5 23. Nxe5 Qc7 24. h6 g5 25. Qf3 Bf6 26. Ng4 Qf7 27. Nxf6+ Qxf6
28. Qh5 Kf8 29. Re5 Bf7 30. Qh3 Rxe5 31. dxe5 Qg6 32. Rc1 Rc4 33. Rxc4 dxc4 34.
Qe3 Qxh6 35. Qc5+ Kg8 36. Qc8+ Qf8 37. Qxf5 Qd8 38. Kh2 Bg6 39. Qe6+ Bf7 40.
Qf5 Qd2 41. e6 Bg6 42. Qe5 Qf4+ 1/2-1/2

[Event "30th Avoine Open 2015"]
[Site "Avoine FRA"]
[Date "2015.07.18"]
[Round "1.10"]
[White "Navrotescu , Catalin"]
[Black "Lalande, J."]
[Result "1-0"]
[WhiteElo "2407"]
[BlackElo "2045"]
[PlyCount "47"]
[EventDate "2015.07.18"]

1. c4 c5 2. Nc3 g6 3. g3 Bg7 4. Bg2 e6 5. a3 Ne7 6. b4 cxb4 7. axb4 d5 8. cxd5
Nxd5 9. Nxd5 exd5 10. Rb1 Bf5 11. d3 Bc3+ 12. Bd2 Bg7 13. Nh3 Nc6 14. Nf4 Ne7
15. Qa4+ Bd7 16. Qb3 d4 17. Bxb7 Rb8 18. Bg2 O-O 19. Qa2 a5 20. bxa5 Rxb1+ 21.
Qxb1 Bc6 22. Bxc6 Nxc6 23. O-O Nxa5 24. Qb5 1-0

[Event "30th Avoine Open 2015"]
[Site "Avoine FRA"]
[Date "2015.07.20"]
[Round "3.15"]
[White "Navrotescu , Catalin"]
[Black "Lebret, Jean-Michel"]
[Result "1/2-1/2"]
[WhiteElo "2407"]
[BlackElo "2096"]
[PlyCount "80"]
[EventDate "2015.07.18"]

1. d4 d5 2. c4 e6 3. Nf3 c5 4. cxd5 exd5 5. g3 Nc6 6. Bg2 Nf6 7. O-O Be7 8.
dxc5 Bxc5 9. a3 a6 10. b4 Ba7 11. Bb2 O-O 12. Nbd2 Re8 13. Rc1 Bf5 14. Nb3 Be4
15. Nc5 Bxc5 16. Rxc5 Qe7 17. Rc1 Rad8 18. e3 Ng4 19. h3 Nge5 20. Nxe5 Nxe5 21.
Qd4 Bxg2 22. Kxg2 f6 23. Rc5 Nc6 24. Qg4 Qe4+ 25. Qf3 Qxf3+ 26. Kxf3 d4 27.
Bxd4 Nxd4+ 28. exd4 Rxd4 29. Rc7 Rd3+ 30. Kg2 Rxa3 31. Rxb7 Kf8 32. Rc1 Re7 33.
Rxe7 Kxe7 34. Rc7+ Kf8 35. h4 h5 36. Rc5 Rb3 37. Rc4 Kf7 38. Kf1 Rb2 39. Kg2
Rb3 40. Re4 a5 1/2-1/2

[Event "30th Avoine Open 2015"]
[Site "Avoine FRA"]
[Date "2015.07.22"]
[Round "5.9"]
[White "Navrotescu , Catalin"]
[Black "Poignot, Quentin"]
[Result "1-0"]
[WhiteElo "2407"]
[BlackElo "2170"]
[PlyCount "83"]
[EventDate "2015.07.18"]

1. d4 Nf6 2. c4 g6 3. Nc3 Bg7 4. e4 d6 5. Be2 O-O 6. Bg5 Nbd7 7. Qd2 e5 8. d5
a5 9. Bd1 Nc5 10. Bc2 Qe8 11. Nge2 Nh5 12. Nb5 f6 13. Be3 Qe7 14. O-O-O f5 15.
exf5 gxf5 16. f3 Kh8 17. h3 b6 18. g4 Nf6 19. Nec3 f4 20. Bxc5 bxc5 21. Qd3 e4
22. Nxe4 Nxe4 23. Qxe4 Qxe4 24. Bxe4 Rf7 25. a4 Ba6 26. Kc2 Bxb5 27. axb5 Rff8
28. Rd3 a4 29. Ra1 Ra5 30. Ra2 Rfa8 31. Bf5 Be5 32. Rda3 Kg7 33. Kd3 h6 34. Ke4
Kf6 35. h4 R5a7 36. Bd7 Ra5 37. Bc6 R8a7 38. Rd3 Kg7 39. Kf5 Kf7 40. Rd2 a3 41.
b3 Kg7 42. Re2 1-0

[Event "30th Avoine Open 2015"]
[Site "Avoine FRA"]
[Date "2015.07.23"]
[Round "6.7"]
[White "Stephan, V."]
[Black "Navrotescu , Catalin"]
[Result "1-0"]
[WhiteElo "2302"]
[BlackElo "2407"]
[PlyCount "43"]
[EventDate "2015.07.18"]

1. d4 Nf6 2. c4 e6 3. Nc3 d5 4. cxd5 exd5 5. Bg5 Nbd7 6. e3 Bb4 7. Bd3 c5 8.
Nge2 cxd4 9. exd4 O-O 10. O-O Nb6 11. Ng3 h6 12. Bf4 Bd6 13. Be5 Bxe5 14. dxe5
Ng4 15. Qe1 Re8 16. f4 Nc4 17. b3 Nce3 18. Rf3 Qb6 19. Kh1 Qd4 20. Qd2 Bf5 21.
Nxf5 Nxf5 22. Rd1 1-0

[Event "30th Avoine Open 2015"]
[Site "Avoine FRA"]
[Date "2015.07.24"]
[Round "7.15"]
[White "Navrotescu , Catalin"]
[Black "Steinle, T."]
[Result "1-0"]
[WhiteElo "2407"]
[BlackElo "2079"]
[PlyCount "59"]
[EventDate "2015.07.18"]

1. d4 Nf6 2. c4 c5 3. d5 b5 4. cxb5 a6 5. bxa6 g6 6. Nc3 Bxa6 7. g3 d6 8. Bg2
Bg7 9. Nf3 Nbd7 10. Rb1 O-O 11. O-O Qa5 12. Bd2 Bb7 13. b3 Qa6 14. e4 e6 15.
dxe6 fxe6 16. Re1 d5 17. exd5 exd5 18. Ng5 Rae8 19. Qc2 h6 20. Qxg6 hxg5 21.
Nxd5 Nxd5 22. Bxd5+ Bxd5 23. Qxa6 Ne5 24. Rxe5 Rxe5 25. Bc3 Re6 26. Qd3 Be4 27.
Qc4 Rfe8 28. Re1 Kh8 29. Bxg7+ Kxg7 30. Qxc5 1-0

[Event "30th Avoine Open 2015"]
[Site "Avoine FRA"]
[Date "2015.07.25"]
[Round "8.9"]
[White "Navrotescu, Andreea Cristiana"]
[Black "Navrotescu , Catalin"]
[Result "1/2-1/2"]
[WhiteElo "2247"]
[BlackElo "2407"]
[PlyCount "44"]
[EventDate "2015.07.18"]

1. c4 c6 2. d4 d5 3. cxd5 cxd5 4. Bf4 Nf6 5. e3 Nc6 6. Nc3 Bf5 7. Nf3 e6 8. Bd3
Bxd3 9. Qxd3 Bd6 10. Bxd6 Qxd6 11. O-O O-O 12. a3 Rac8 13. b4 a6 14. Rac1 b5
15. Nd2 Nd7 16. Nb3 Nb6 17. Nc5 Nb8 18. Nb1 Nc4 19. Nd2 Nd7 20. Rc2 Nxd2 21.
Qxd2 Nb6 22. Qd3 Nc4 1/2-1/2

[Event "30th Avoine Open 2015"]
[Site "Avoine FRA"]
[Date "2015.07.26"]
[Round "9.9"]
[White "Navrotescu , Catalin"]
[Black "Coursaget, Nicolas"]
[Result "0-1"]
[WhiteElo "2407"]
[BlackElo "2268"]
[PlyCount "60"]
[EventDate "2015.07.18"]

1. c4 c6 2. Nf3 Nf6 3. g3 d5 4. Bg2 e6 5. O-O Be7 6. b3 d4 7. d3 c5 8. e3 Nc6
9. exd4 cxd4 10. Re1 O-O 11. Ne5 Qc7 12. f4 Nxe5 13. Rxe5 Bd6 14. Re1 e5 15.
fxe5 Bxe5 16. Nd2 Bg4 17. Nf3 Bxg3 18. hxg3 Qxg3 19. Bd2 Rae8 20. Rxe8 Rxe8 21.
Qf1 Bh3 22. Qf2 Qg6 23. Nxd4 Bxg2 24. Qxg2 Qxd3 25. Nf3 Re2 26. Qf1 h6 27. Re1
Qg6+ 28. Kh1 Qh5+ 29. Kg1 Qg4+ 30. Kh1 Ne4 0-1

[Event "6th Vaujany France, Open"]
[Site "?"]
[Date "2015.07.17"]
[Round "?"]
[White "Foisor, Cristina Adela B"]
[Black "Navrotescu , Catalin"]
[Result "1/2-1/2"]
[WhiteElo "2367"]
[BlackElo "2407"]
[PlyCount "62"]
[EventDate "2015.??.??"]

1. c4 c6 2. Nc3 d5 3. cxd5 cxd5 4. d4 Nf6 5. Nf3 Nc6 6. Bf4 a6 7. e3 Bg4 8. Bd3
e6 9. h3 Bxf3 10. Qxf3 Bd6 11. O-O Rc8 12. Rac1 O-O 13. Bb1 Bxf4 14. Qxf4 Qe7
15. g4 b5 16. Rfd1 Rfd8 17. Qf3 Na5 18. Bd3 Nc4 19. Bxc4 Rxc4 20. Kg2 Rdc8 21.
Ne2 h6 22. Rxc4 Rxc4 23. Rc1 Rxc1 24. Nxc1 Qc7 25. Qd1 Ne4 26. Nd3 Qc4 27. Qb3
Nd2 28. Qxc4 Nxc4 29. Kf3 Kf8 30. Ke2 Ke7 31. Kd1 Kd6 1/2-1/2

[Event "Andorra AND, 32nd Open"]
[Site "Andorra AND"]
[Date "2014.07.19"]
[Round "1.19"]
[White "Navrotescu , Catalin"]
[Black "Nepveu, Manuel"]
[Result "1/2-1/2"]
[WhiteElo "2415"]
[BlackElo "1951"]
[PlyCount "58"]
[EventDate "2014.07.19"]
[EventType "swiss"]
[EventRounds "9"]
[EventCountry "AND"]
[Source "Chess Mix"]

1. d4 Nf6 2. c4 g6 3. Nc3 d5 4. Bf4 Bg7 5. e3 c5 6. dxc5 Qa5 7. Rc1 Ne4 8. Nge2
dxc4 9. Qa4+ Qxa4 10. Nxa4 e5 11. Rxc4 Nxf2 12. Kxf2 exf4 13. Re4+ Be6 14. Nxf4
O-O 15. Bc4 Bxc4 16. Rxc4 b5 17. cxb6 axb6 18. Nxb6 Rxa2 19. Nd3 Bxb2 20. Rc2
Ra1 21. Rxa1 Bxa1 22. Ke2 Bg7 23. Rc7 Na6 24. Ra7 Nb8 25. Nb4 Be5 26. h3 Bd6
27. N6d5 Bxb4 28. Nxb4 Rc8 29. Ra8 Rf8 1/2-1/2

[Event "Andorra AND, 32nd Open"]
[Site "Andorra AND"]
[Date "2014.07.21"]
[Round "3.20"]
[White "Navrotescu , Catalin"]
[Black "Guyader, Thierry"]
[Result "1-0"]
[WhiteElo "2415"]
[BlackElo "2132"]
[PlyCount "63"]
[EventDate "2014.07.19"]
[EventType "swiss"]
[EventRounds "9"]
[EventCountry "AND"]
[Source "Chess Mix"]

1. d4 Nf6 2. Bg5 Ne4 3. Bf4 d5 4. e3 c5 5. Bd3 Qa5+ 6. c3 Nd7 7. Nf3 g6 8. Bxe4
dxe4 9. Ng5 Bg7 10. Nxe4 cxd4 11. exd4 Qf5 12. Qf3 O-O 13. Nbd2 e5 14. dxe5
Nxe5 15. Bxe5 Bxe5 16. O-O Rd8 17. Rad1 Be6 18. Qxf5 Bxf5 19. f3 Bf4 20. g4 Be6
21. Nb3 f5 22. gxf5 gxf5 23. Nd4 fxe4 24. Nxe6 Be3+ 25. Kg2 Rxd1 26. Rxd1 Kf7
27. Rd8 Rxd8 28. Nxd8+ Ke7 29. Nxb7 exf3+ 30. Kxf3 Bb6 31. Ke4 Kd7 32. Kd5 1-0

[Event "Andorra AND, 32nd Open"]
[Site "Andorra AND"]
[Date "2014.07.22"]
[Round "4.11"]
[White "Nilsen, Joachim Birger"]
[Black "Navrotescu , Catalin"]
[Result "1-0"]
[WhiteElo "2346"]
[BlackElo "2415"]
[PlyCount "59"]
[EventDate "2014.07.19"]
[EventType "swiss"]
[EventRounds "9"]
[EventCountry "AND"]
[Source "Chess Mix"]

1. c4 g6 2. g3 Bg7 3. Bg2 c5 4. Nc3 Nc6 5. e4 Nf6 6. Nge2 O-O 7. O-O Ne8 8. d3
Nc7 9. a3 a5 10. Rb1 d6 11. h3 Ne6 12. Be3 Ned4 13. f4 f5 14. Kh2 Rb8 15. exf5
gxf5 16. Bg1 Bd7 17. Qd2 Kh8 18. b3 Nxe2 19. Nxe2 b5 20. d4 Nxd4 21. Nxd4 cxd4
22. Bxd4 Rf7 23. Ba7 Rc8 24. Bb7 bxc4 25. bxc4 Rf8 26. Bb6 Qe8 27. Bxc8 Bxc8
28. Bxa5 Qc6 29. Bc3 Bb7 30. Bxg7+ 1-0

[Event "Andorra AND, 32nd Open"]
[Site "Andorra AND"]
[Date "2014.07.26"]
[Round "8.13"]
[White "Sanchez Jerez, Emilio Miguel"]
[Black "Navrotescu , Catalin"]
[Result "0-1"]
[WhiteElo "2237"]
[BlackElo "2415"]
[PlyCount "86"]
[EventDate "2014.07.19"]
[EventType "swiss"]
[EventRounds "9"]
[EventCountry "AND"]
[Source "Chess Mix"]

1. e4 c5 2. Nc3 a6 3. Nf3 e6 4. g3 Nc6 5. Bg2 Nf6 6. O-O Qc7 7. d4 cxd4 8. Nxd4
Nxd4 9. Qxd4 Bc5 10. Bf4 d6 11. Qd2 h6 12. Rad1 e5 13. Be3 Be6 14. Bxc5 dxc5
15. Nd5 Bxd5 16. exd5 Qd6 17. f4 O-O 18. fxe5 Qxe5 19. c3 Qd6 20. a4 Rfe8 21.
a5 b6 22. Qf4 Rad8 23. Qxd6 Rxd6 24. c4 Rb8 25. b4 cxb4 26. axb6 Nd7 27. Ra1
Rdxb6 28. Ra5 Rc8 29. Bh3 Rc5 30. Rfa1 b3 31. Rxa6 b2 32. Ra8+ Nf8 33. Rb1 Rxc4
34. Kf2 g6 35. Ra2 Rc2+ 36. Ke3 Rxh2 37. Bf1 Nd7 38. Be2 Rb3+ 39. Kd2 Ne5 40.
Ra4 Rd3+ 41. Ke1 Rxd5 42. Rh4 Nd3+ 43. Kf1 Rf2+ 0-1

[Event "Dieppe Open 2013"]
[Site "Dieppe FRA"]
[Date "2013.08.27"]
[Round "4"]
[White "Lafaurie, P."]
[Black "Navrotescu , Catalin"]
[Result "0-1"]
[WhiteElo "2101"]
[BlackElo "2363"]
[PlyCount "44"]
[EventDate "2013.08.26"]

1. d4 f5 2. Nc3 d5 3. Nf3 Nf6 4. Bf4 e6 5. e3 Bd6 6. Bd3 O-O 7. O-O Nc6 8. Ne2
b6 9. c3 Qe7 10. Bb5 Bd7 11. Ng3 Ne4 12. c4 a6 13. cxd5 axb5 14. dxc6 Bxc6 15.
Bxd6 cxd6 16. Qb3 f4 17. Nxe4 Bxe4 18. Qxb5 Bxf3 19. gxf3 Ra5 20. Qxb6 Rh5 21.
Qb3 Qg5+ 22. Kh1 Qh6 0-1

[Event "28th Avoine Open"]
[Site "Avoine FRA"]
[Date "2013.07.20"]
[Round "1.12"]
[White "Burille, M."]
[Black "Navrotescu , Catalin"]
[Result "0-1"]
[WhiteElo "2076"]
[BlackElo "2363"]
[PlyCount "42"]
[EventDate "2013.07.20"]

1. e4 c5 2. Nf3 d6 3. d4 cxd4 4. Nxd4 Nf6 5. Nc3 g6 6. Be3 Bg7 7. Be2 Nc6 8.
O-O O-O 9. Re1 Bd7 10. Kh1 a6 11. f4 b5 12. Bf3 Rc8 13. Nxc6 Bxc6 14. Nd5 Nd7
15. c3 a5 16. Rc1 e6 17. c4 exd5 18. exd5 Bb7 19. cxb5 Bxb2 20. Rc6 Re8 21.
Rxd6 Rxe3 0-1

[Event "28th Avoine Open"]
[Site "Avoine FRA"]
[Date "2013.07.22"]
[Round "3.13"]
[White "Wojtkowski, Frederic"]
[Black "Navrotescu , Catalin"]
[Result "0-1"]
[WhiteElo "1980"]
[BlackElo "2363"]
[PlyCount "100"]
[EventDate "2013.07.20"]

1. d4 g6 2. Bg5 Bg7 3. e3 Nf6 4. Nd2 O-O 5. Bc4 d6 6. h4 Nc6 7. h5 Nxh5 8. Rxh5
gxh5 9. Qxh5 Bf5 10. g4 Bg6 11. Qh4 d5 12. Bb3 f6 13. Bh6 e5 14. e4 Nxd4 15.
Bxd5+ Bf7 16. Bxf7+ Rxf7 17. O-O-O Bxh6 18. Qxh6 Qf8 19. Qh4 Rd8 20. c3 Ne6 21.
Ngf3 Qg7 22. Qh2 Rfd7 23. g5 Nxg5 24. Rg1 Kh8 25. Nxg5 fxg5 26. Nf3 Qf6 27.
Rxg5 Rd1+ 28. Kc2 R1d2+ 29. Kc1 Re2 30. Rf5 Qd6 31. Qxe5+ Qxe5 32. Nxe5 Rdd2
33. Rf8+ Kg7 34. Rf7+ Kg8 35. Rxc7 Rc2+ 36. Kd1 Red2+ 37. Ke1 Rxf2 38. Rc8+ Rf8
39. Rxf8+ Kxf8 40. Nd3 h5 41. Nf4 Rxb2 42. Nxh5 Rxa2 43. Ng3 Kg7 44. Ne2 Kf6
45. Kf2 Ke5 46. Ke3 Rxe2+ 47. Kxe2 Kxe4 48. Kd2 b5 49. Kc2 a5 50. Kb3 Kd3 0-1

[Event "28th Avoine Open"]
[Site "Avoine FRA"]
[Date "2013.07.23"]
[Round "4.10"]
[White "Navrotescu , Catalin"]
[Black "Bonnaud, R."]
[Result "1/2-1/2"]
[WhiteElo "2363"]
[BlackElo "2197"]
[PlyCount "52"]
[EventDate "2013.07.20"]

1. d4 d5 2. c4 c6 3. Nf3 Nf6 4. Nc3 dxc4 5. a4 Bf5 6. Nh4 Bd7 7. e4 b5 8. axb5
cxb5 9. e5 Nd5 10. Ne4 e6 11. g3 Bc6 12. Bg2 Bb4+ 13. Bd2 O-O 14. O-O Qb6 15.
Be3 Nd7 16. Qg4 Rfe8 17. Bh6 Bf8 18. Nd6 f5 19. Qg5 Re7 20. Nhxf5 exf5 21. Nxf5
Re6 22. Bxg7 Rg6 23. Qh5 Rxg7 24. Nh6+ Kh8 25. Nf7+ Kg8 26. Nh6+ Kh8 1/2-1/2

[Event "28th Avoine Open"]
[Site "Avoine FRA"]
[Date "2013.07.24"]
[Round "5.9"]
[White "Malassagne, R."]
[Black "Navrotescu , Catalin"]
[Result "0-1"]
[WhiteElo "2139"]
[BlackElo "2363"]
[PlyCount "76"]
[EventDate "2013.07.20"]

1. c4 c5 2. Nf3 g6 3. Nc3 Bg7 4. g3 Nc6 5. Bg2 e6 6. O-O Nge7 7. d3 d5 8. cxd5
exd5 9. Bf4 O-O 10. a3 h6 11. h4 Bg4 12. Rc1 Qd7 13. Re1 b6 14. b4 cxb4 15.
axb4 Bxf3 16. Bxf3 Rac8 17. Qa4 Rfd8 18. Nb5 Nd4 19. Rxc8 Nxc8 20. Nc3 Nxf3+
21. exf3 Bxc3 22. Qxd7 Rxd7 23. Re8+ Kg7 24. Rxc8 Bxb4 25. Be5+ f6 26. Bd4 h5
27. g4 Bd6 28. Re8 Be5 29. Bxe5 fxe5 30. Rxe5 a5 31. Kf1 a4 32. Ke2 b5 33. Kd2
b4 34. Kc2 b3+ 35. Kb2 Rb7 36. Rxd5 a3+ 37. Kb1 a2+ 38. Kb2 Ra7 0-1

[Event "28th Avoine Open"]
[Site "Avoine FRA"]
[Date "2013.07.26"]
[Round "7.3"]
[White "Navrotescu , Catalin"]
[Black "Colin, V."]
[Result "1-0"]
[WhiteElo "2363"]
[BlackElo "2402"]
[PlyCount "57"]
[EventDate "2013.07.20"]

1. c4 Nf6 2. g3 e5 3. Bg2 h6 4. Nc3 Bb4 5. d3 Bxc3+ 6. bxc3 O-O 7. Nf3 e4 8.
Nd4 exd3 9. exd3 Re8+ 10. Be3 d5 11. O-O c5 12. Nb3 Bg4 13. Qd2 Nc6 14. Nxc5
dxc4 15. d4 Qc8 16. Bxh6 gxh6 17. Qxh6 Nh7 18. Rfe1 Na5 19. Rxe8+ Qxe8 20. Be4
f5 21. Bd5+ Kh8 22. Ne6 Qe7 23. Nf4 Rg8 24. h3 Qg5 25. Qxg5 Rxg5 26. hxg4 fxg4
27. Kg2 Nf8 28. Re1 Ng6 29. Rh1+ 1-0

[Event "28th Avoine Open"]
[Site "Avoine FRA"]
[Date "2013.07.27"]
[Round "8.2"]
[White "Dgebuadze, Alexandre"]
[Black "Navrotescu , Catalin"]
[Result "1/2-1/2"]
[WhiteElo "2520"]
[BlackElo "2363"]
[PlyCount "41"]
[EventDate "2013.07.20"]

1. e4 c5 2. Nf3 d6 3. d4 Nf6 4. Nc3 cxd4 5. Nxd4 g6 6. Be2 Bg7 7. O-O Nc6 8.
Be3 O-O 9. Nb3 a6 10. f4 b5 11. Bf3 Bb7 12. Qd2 Nd7 13. Rad1 Nb6 14. e5 Nc4 15.
Qc1 Qc8 16. exd6 exd6 17. Bf2 Re8 18. a3 Nxa3 19. bxa3 Bxc3 20. Rxd6 Na5 21.
Bxb7 1/2-1/2

[Event "28th Avoine Open"]
[Site "Avoine FRA"]
[Date "2013.07.28"]
[Round "9.1"]
[White "Navrotescu , Catalin"]
[Black "Vedmediuc, Serghei"]
[Result "1/2-1/2"]
[WhiteElo "2363"]
[BlackElo "2460"]
[PlyCount "41"]
[EventDate "2013.07.20"]

1. d4 d5 2. c4 c6 3. cxd5 cxd5 4. Nc3 Nf6 5. Bf4 Nc6 6. e3 Bg4 7. Be2 Bxe2 8.
Qxe2 e6 9. Nf3 Bd6 10. Bg5 Be7 11. O-O O-O 12. Rac1 Nd7 13. Bxe7 Qxe7 14. Ne1
Rfc8 15. Nd3 Nb4 16. a3 Nxd3 17. Qxd3 Nb6 18. Ne2 Qd7 19. Rxc8+ Rxc8 20. Rc1
Rxc1+ 21. Nxc1 1/2-1/2

[Event "27th Avoine Open"]
[Site "Avoine FRA"]
[Date "2012.07.21"]
[Round "1.14"]
[White "Le Montagner, Y."]
[Black "Navrotescu , Catalin"]
[Result "0-1"]
[WhiteElo "2040"]
[BlackElo "2391"]
[PlyCount "70"]
[EventDate "2012.07.21"]

1. e4 c5 2. Nf3 Nc6 3. d4 cxd4 4. Nxd4 e5 5. Nb5 d6 6. N1c3 a6 7. Na3 b5 8. Nd5
Nge7 9. Bg5 f6 10. Be3 Nxd5 11. Qxd5 Bb7 12. c3 Qd7 13. Qb3 Na5 14. Qb4 Qc7 15.
Rd1 Be7 16. Bxb5+ axb5 17. Nxb5 Qc6 18. Nxd6+ Bxd6 19. Rxd6 Qxe4 20. Re6+ Kf7
21. Re7+ Kg6 22. h4 h5 23. Rh3 Qb1+ 24. Ke2 Ba6+ 25. Kf3 Qf5+ 26. Kg3 Nc6 27.
Qd6 Nxe7 28. Qxe7 Rhe8 29. Qc5 Rec8 30. Qe7 Kh7 31. Kh2 Rc4 32. b3 Rg4 33. c4
Bc8 34. Qf7 Rxg2+ 35. Kxg2 Qxh3+ 0-1

[Event "27th Avoine Open"]
[Site "Avoine FRA"]
[Date "2012.07.23"]
[Round "3.8"]
[White "Decosse, Jean-Fabien"]
[Black "Navrotescu , Catalin"]
[Result "1/2-1/2"]
[WhiteElo "2216"]
[BlackElo "2391"]
[PlyCount "63"]
[EventDate "2012.07.21"]

1. d4 f5 2. Nf3 Nf6 3. c4 g6 4. g3 Bg7 5. Bg2 O-O 6. O-O d6 7. d5 c6 8. Nc3
cxd5 9. Nxd5 Nc6 10. Nxf6+ Bxf6 11. Bh6 Re8 12. Qd5+ e6 13. Qd2 Qe7 14. Rad1 e5
15. Ng5 e4 16. Qd5+ Be6 17. Nxe6 Qxe6 18. b3 Rad8 19. Bf4 Be5 20. Bxe5 Qxd5 21.
Rxd5 Rxe5 22. Rfd1 Rxd5 23. Rxd5 Ne7 24. Rd1 b6 25. f3 exf3 26. Bxf3 Kf7 27. e4
fxe4 28. Bxe4 Ke6 29. Re1 Kd7 30. Kf2 Rf8+ 31. Ke3 Nc6 32. h4 1/2-1/2

[Event "27th Avoine Open"]
[Site "Avoine FRA"]
[Date "2012.07.24"]
[Round "4.7"]
[White "Navrotescu , Catalin"]
[Black "Naudion, G."]
[Result "1-0"]
[WhiteElo "2391"]
[BlackElo "2175"]
[PlyCount "49"]
[EventDate "2012.07.21"]

1. d4 Nf6 2. c4 g6 3. Nc3 Bg7 4. e4 d6 5. Nf3 O-O 6. h3 e5 7. d5 a5 8. Bg5 Qe8
9. g4 Na6 10. Nd2 Nd7 11. Be2 Ndc5 12. a3 Bd7 13. Qc2 f5 14. Be3 b6 15. gxf5
gxf5 16. Rg1 Kh8 17. O-O-O a4 18. Kb1 fxe4 19. Bg4 Bf5 20. Bxf5 Rxf5 21. Ndxe4
Rh5 22. Rg3 Rh4 23. Rdg1 Bh6 24. Nf6 Qf7 25. Bxh6 1-0

[Event "27th Avoine Open"]
[Site "Avoine FRA"]
[Date "2012.07.27"]
[Round "7.4"]
[White "Song, Julien"]
[Black "Navrotescu , Catalin"]
[Result "1/2-1/2"]
[WhiteElo "2398"]
[BlackElo "2391"]
[PlyCount "113"]
[EventDate "2012.07.21"]

1. d4 f5 2. h3 d5 3. Nf3 Nf6 4. Bf4 e6 5. e3 Bd6 6. Bxd6 cxd6 7. c4 Qb6 8. Nc3
Qxb2 9. Nb5 Ne4 10. Be2 Qb4+ 11. Kf1 Na6 12. a3 Qa5 13. cxd5 exd5 14. Qb3 Be6
15. g3 O-O 16. Kg2 Nb8 17. Bd3 h6 18. Qb4 Qd8 19. Rac1 Nc6 20. Qb3 Qd7 21. a4
Na5 22. Qb4 Nc4 23. Nc3 Rac8 24. h4 Rc6 25. a5 Rfc8 26. Ne2 Bf7 27. Rb1 R6c7
28. h5 b6 29. axb6 Rb7 30. Nf4 Rxb6 31. Qe1 Rcb8 32. Rxb6 Rxb6 33. Qc1 Rb2 34.
Rf1 Qb7 35. Nh4 Ncd2 36. Rd1 Nc4 37. Rf1 Ncd2 38. Rd1 Nf3 39. Rf1 Nxh4+ 40.
gxh4 a5 41. Ba6 Qb8 42. Bc8 a4 43. Bxf5 a3 44. Bxe4 dxe4 45. d5 Qe8 46. Qc3
Bxh5 47. Ne6 Bf3+ 48. Kh3 Qf7 49. Qc8+ Kh7 50. Nf8+ Kg8 51. Ng6+ Kh7 52. Rg1
Qxg6 53. Rxg6 Kxg6 54. Qe6+ Kh7 55. Qf5+ Kg8 56. Qe6+ Kh7 57. Qf5+ 1/2-1/2

[Event "27th Avoine Open"]
[Site "Avoine FRA"]
[Date "2012.07.28"]
[Round "8.3"]
[White "Navrotescu , Catalin"]
[Black "Tirard    Hugo (FRA)"]
[Result "0-1"]
[WhiteElo "2391"]
[BlackElo "2452"]
[PlyCount "81"]
[EventDate "2012.07.21"]

1. d4 Nf6 2. c4 g6 3. Nc3 Bg7 4. e4 d6 5. Nf3 O-O 6. h3 Na6 7. Bg5 c6 8. Be2 e5
9. d5 h6 10. Be3 cxd5 11. cxd5 Nh5 12. O-O Nf4 13. Bc4 f5 14. Re1 fxe4 15. Nxe4
Nc7 16. Rc1 Kh8 17. a4 b6 18. Kh2 Bb7 19. Nc3 Qd7 20. Nh4 Qf7 21. g3 g5 22.
gxf4 gxh4 23. Ne4 Rad8 24. Rg1 Rg8 25. Ng5 hxg5 26. fxg5 e4 27. Rg4 Be5+ 28.
Kg1 Rg7 29. Rxe4 Bxd5 30. Rxh4+ Kg8 31. f4 Bxc4 32. fxe5 Nd5 33. Bd4 Ne7 34. e6
Qxe6 35. Rxc4 Qxc4 36. Qh5 Qc1+ 37. Kh2 Qc2+ 38. Kh1 Rh7 39. Qg4 Qc1+ 40. Bg1
Qc6+ 41. Kh2 0-1